00476cam a2200169ua 45000010005000000080039000050200018000440400009000620410008000710820012000791000033000912450108001242500009002322600036002413000010002776530019002878710150212n ii |||gr||||Z||||||eng a9788172736026 cMAIN aeng a821.954 aPrem, P. C.K.,d.,eAuthor.,1 aEnglish poetry in India : bComprehensive survey of trends and thought patterns / cBy P. C. K. Prem .  a1st. aNew Delhi:bAuthorpress,c2011. a538p. aEnglish poetry